| 000 | 01390nam0a22002891 4500 | ||
|---|---|---|---|
| 001 | v19\rc\1955941 | ||
| 005 | 20260405132220.0 | ||
| 035 | _a(NLR Aleph) 005054415 | ||
| 090 |
_a6929124 _c6929124 |
||
| 100 | _a20251123 rusy50 | ||
| 101 | 0 | _arus | |
| 102 | _aRU | ||
| 105 | _ay z ||||| | ||
| 200 | 1 |
_aПамяти высокопреосвященнейшего архиепископа Херсонского и Одесского Димитрия [М.Г. Ковальницкого]. ([ум.] 3 февр. 1913 г.) _e[Сборник] |
|
| 210 |
_aКиев _cтип. АО "Петр Барский в Киеве" _d1913 |
||
| 215 |
_a[2], 21 с. _d24 |
||
| 311 | _aОтт. из журн. "Тр. Киев. духов. акад." | ||
| 488 | 0 |
_12001#$aТруды Киевской духовной академии _tТруды Киевской духовной академии |
|
| 702 | 0 |
_4570 _8rus _7ca _aДимитрий _cКовальницкий, Михаил Георгиевич _cархиепископ Херсонский и Одесский _f1839-1913 _3RU\NLR\AUTH\7753091 _936024 |
|
| 790 | 1 |
_aКовальницкий _bМ.Г. _f1839-1913 _gМихаил Георгиевич |
|
| 801 | 0 |
_aRU _bNLR _gpsbo |
|
| 801 | 0 |
_aRU _bRuMoRGB _2psbo |
|
| 801 | 1 |
_aRU _bProSoft-M _2rusmarc |
|
| 852 |
_aNLR _j18.298.8.257 |
||
| 899 |
_aRuMoRGB _jV 115/431 |
||
| 942 | _cBOOK | ||
| 980 | _aNB | ||